[Event "Titled Tuesday intern op 25th Feb Early"]
[Site "Chess.com INT"]
[Date "2025.02.25"]
[Round "4"]
[White "Duarte Cramer, Lily Jeanette"]
[Black "Huynh, Laurent"]
[Result "0-1"]
[WhiteElo "1836"]
[BlackElo "2211"]
[PlyCount "102"]
[EventDate "2025.02.25"]
[EventType "swiss (blitz)"]
[EventRounds "11"]
[EventCountry "USA"]
[SourceTitle "CB10_2025"]
[SourceDate "2025.03.05"]
[SourceVersion "1"]
[SourceVersionDate "2025.03.05"]
[SourceQuality "1"]

1. d4 Nf6 2. c4 c6 3. Nc3 d5 4. cxd5 cxd5 5. Nf3 g6 6. Bf4 a6 7. Qb3 Nc6 8. e3 Bg7 9. Bd3 0-0 10. 0-0 Na5 11. Qc2 b5 12. b4 Nc4 13. Bxc4 bxc4 14. a3 Bf5 15. Qd2 Bd3 16. Rfc1 Nh5 17. Bg3 Nxg3 18. hxg3 f6 19. Ne1 Bf5 20. Qe2 Bc8 21. e4 e6 22. f3 Bb7 23. Nc2 f5 24. e5 f4 25. g4 Bh6 26. Na4 Bc6 27. Nc5 Qe7 28. Qf2 Bg5 29. Kf1 Bh4 30. Qg1 Bg3 31. Ne1 Kf7 32. Ke2 h5 33. gxh5 gxh5 34. Qh1 Qg5 35. Qh3 Qg6 36. Nxe6 Qxe6 37. Qxh5+ Qg6 38. Qh3 Rh8 39. Qg4 Qxg4 40. fxg4 Bd7 41. Kf3 Rag8 42. Ke2 Bxg4+ 43. Nf3 Rh2 44. Rg1 Rh6 45. Rac1 Bf5 46. Rc3 Bd3+ 47. Kd2 Bf2 48. Rf1 Be3+ 49. Ke1 Bxf1 50. Kxf1 Rh1+ 51. Ke2 Rxg2# 0-1

[Event "Titled Tuesday intern op 25th Feb Early"]
[Site "Chess.com INT"]
[Date "2025.02.25"]
[Round "9"]
[White "Duarte Cramer, Lily Jeanette"]
[Black "Ishvi, Aggarwal"]
[Result "0-1"]
[WhiteElo "1836"]
[BlackElo "1954"]
[PlyCount "70"]
[EventDate "2025.02.25"]
[EventType "swiss (blitz)"]
[EventRounds "11"]
[EventCountry "USA"]
[SourceTitle "CB10_2025"]
[SourceDate "2025.03.05"]
[SourceVersion "1"]
[SourceVersionDate "2025.03.05"]
[SourceQuality "1"]

1. d4 Nf6 2. c4 e6 3. Nc3 c5 4. d5 exd5 5. cxd5 g6 6. e4 d6 7. Bg5 Bg7 8. Qd2 h6 9. Be3 Ng4 10. Bf4 a6 11. Be2 b5 12. h3 Nf6 13. Bd3 Qe7 14. f3 b4 15. Nce2 Bb7 16. a3 a5 17. axb4 axb4 18. Bb5+ Nbd7 19. Rxa8+ Bxa8 20. Ng3 Nxd5 21. Bxd7+ Kxd7 22. N1e2 Nxf4 23. Nxf4 Qh4 24. Nfe2 Be5 25. f4 Bd4 26. Qd3 g5 27. fxg5 hxg5 28. Qf3 f6 29. Qf5+ Kc7 30. Qf3 Re8 31. Nxd4 Bxe4 32. Nb5+ Kb6 33. Qxf6 Qxg3+ 34. Kd1 Qd3+ 35. Kc1 Qc2# 0-1

[Event "Titled Tuesday intern op 25th Feb Early"]
[Site "Chess.com INT"]
[Date "2025.02.25"]
[Round "3"]
[White "Duarte Cramer, Lily Jeanette"]
[Black "Matveeva, Olga"]
[Result "0-1"]
[WhiteElo "1836"]
[BlackElo "2181"]
[PlyCount "100"]
[EventDate "2025.02.25"]
[EventType "swiss (blitz)"]
[EventRounds "11"]
[EventCountry "USA"]
[SourceTitle "CB10_2025"]
[SourceDate "2025.03.05"]
[SourceVersion "1"]
[SourceVersionDate "2025.03.05"]
[SourceQuality "1"]

1. d4 Nf6 2. c4 e6 3. Nc3 Bb4 4. Qc2 0-0 5. e4 c5 6. a3 Bxc3+ 7. bxc3 d5 8. cxd5 exd5 9. e5 Ne4 10. Bd3 cxd4 11. Bxe4 dxe4 12. Qxe4 dxc3 13. Nf3 Nc6 14. 0-0 Qa5 15. Be3 Re8 16. Bd4 Nxd4 17. Qxd4 Be6 18. Rfc1 Rac8 19. Ng5 Bf5 20. f4 Qc5 21. Nf3 Red8 22. Qxc5 Rxc5 23. Rd1 Rxd1+ 24. Rxd1 Kf8 25. Nd4 Be4 26. Rc1 c2 27. Kf2 Rc3 28. g3 Rxa3 29. Ke2 Ke7 30. Kd2 Rd3+ 31. Kxc2 Rxd4+ 32. Kb3 Rd2 33. Rc7+ Ke6 34. g4 g6 35. h4 h5 36. f5+ gxf5 37. gxh5 Rh2 38. Rc8 Rxh4 39. Re8+ Kd7 40. Rf8 Bd5+ 41. Kc3 Rxh5 42. Kd4 Be6 43. Rb8 Kc7 44. Ra8 a6 45. Kc5 Rh1 46. Re8 Rc1+ 47. Kb4 Rc4+ 48. Ka5 b6+ 49. Kxa6 Ra4+ 50. Kb5 Bd7# 0-1